Visualizzazione normale
Vista MARC
- Scipioni, Luigi I.,
di Personal Name
Records bibliografici associati: 2
001 - CONTROL NUMBER
- control field: 40512
003 - CONTROL NUMBER IDENTIFIER
- control field: IT-RoINE
005 - DATE AND TIME OF LATEST TRANSACTION
- control field: 20171017052551.0
008 - FIXED-LENGTH DATA ELEMENTS
- fixed length control field: 171017|| aca||aabn | a|a d
040 ## - CATALOGING SOURCE
- Original cataloging agency: IT-RoINE
- Transcribing agency: IT-RoINE
100 ## - HEADING--PERSONAL NAME
- Personal name: Scipioni, Luigi I.,
- Dates associated with a name: 1927-
670 ## - SOURCE DATA FOUND
- Source citation: Work cat.: (IT-RoINE)0: Scipioni, Luigi I., 1927- , Nestorio e il concilio di Efeso :, 1974.